Die Wilden und die Zivilisierten: Grundzüge einer Geistes- und Kulturgeshichte der europäisch-überseeischen Begegnung
में बचाया:
| मुख्य लेखक: | |
|---|---|
| स्वरूप: | पुस्तक |
| भाषा: | जर्मन |
| प्रकाशित: |
Múnich
C. H. Beck
1976
|
| विषय: | |
| टैग: |
टैग जोड़ें
कोई टैग नहीं, इस रिकॉर्ड को टैग करने वाले पहले व्यक्ति बनें!
|
MARC
| LEADER | 00000nam a2200000 a 4500 | ||
|---|---|---|---|
| 001 | UCO0695 | ||
| 003 | CL-VaPUC | ||
| 008 | 000428e19760000GW |||||||||||||||||ger|d | ||
| 082 | 0 | 4 | |a 980.013 |b BIT |2 21 |
| 100 | 0 | |a Bitterli, Urs |e author |9 442109 | |
| 245 | 1 | 4 | |a Die Wilden und die Zivilisierten: Grundzüge einer Geistes- und Kulturgeshichte der europäisch-überseeischen Begegnung |
| 300 | |a 494 p | ||
| 942 | |c BK | ||
| 945 | |d 20000428 00:00:00 |a crobeson | ||
| 260 | |a Múnich |b C. H. Beck |c 1976 | ||
| 650 | 0 | |a Historia americana |9 353864 | |
| 650 | 7 | |a DESCUBRIMIENTO DE AMERICA |2 CL-VaPUC |9 442110 | |
| 650 | 0 | |a Aspectos sociales |9 254894 | |
| 650 | 0 | |a Conquista |9 339504 | |
| 650 | 7 | |a COLONIA |2 CL-VaPUC |9 442111 | |
| 651 | 0 | |a América |9 255182 | |
| 583 | |a last modification |c 20000428 00:00:00 |k Rodrigo Vera | ||
| 999 | |c 287343 |d 287341 | ||
| 952 | |0 0 |1 0 |4 0 |6 980_013000000000000_BIT_1976 |7 0 |8 A |9 334171 |a BIBHIS |b BIBHIS |d 2019-11-20 |i 1271776 |o 980.013 BIT 1976 |p 1271776 |r 2025-01-20 |w 2019-11-20 |y BK |k HIS | ||